| 000 | 00378nam a22001337a 4500 | ||
|---|---|---|---|
| 008 | 140126b xxu||||| |||| 00| 0 eng d | ||
| 082 |
_222 ed. _a346.043 _bKUL |
||
| 100 | _aM KRISHNASWAMI. | ||
| 245 |
_aLAW OF ADVERSE POSSESSION _c KRISHNASWAMI,M. |
||
| 250 | _a13 ED. | ||
| 260 |
_aINDIA _bBUTTERWORTHS _c2004 |
||
| 300 |
_aIxxxiii,744 p. _bincludes index. _c23cm |
||
| 942 |
_2ddc _cBK |
||
| 999 |
_c5845 _d5845 |
||